[Event "XtraCon-Skakligaen"]
[Site "Denmark"]
[Date "2014.03.08"]
[Round "8.4"]
[White "Jorgensen, Jorgen"]
[Black "Hoi, Carsten"]
[Result "1/2-1/2"]
[WhiteElo "2257"]
[BlackElo "2393"]
[PlyCount "214"]
[EventDate "2013.11.02"]
[EventType "team-tourn"]
[EventRounds "9"]
[WhiteTeam "Norresundby"]
[BlackTeam "Bronshoj"]
[WhiteTeamCountry "DEN"]
[BlackTeamCountry "DEN"]

1. Nf3 g6 2. g3 Bg7 3. d4 Nf6 4. Bg2 O-O 5. O-O d6 6. c4 c6 7. Nc3 Bf5 8. Re1
Ne4 9. Qb3 Nxc3 10. bxc3 Qc7 11. e4 Be6 12. Ng5 Bc8 13. Rb1 e5 14. Be3 h6 15.
Nf3 c5 16. Qa3 b6 17. Qc1 Kh7 18. d5 Nd7 19. Nh4 Qd8 20. Bf1 Nf6 21. f3 Nh5 22.
Bd3 Bd7 23. Rb2 Qe7 24. Qd2 Nf4 25. Bb1 Bf6 26. Ng2 Nxg2 27. Kxg2 Bg7 28. Bd3
f5 29. Rf1 Rae8 30. Rc2 f4 31. gxf4 Qh4 32. f5 gxf5 33. Bf2 Qh5 34. exf5 Bxf5
35. Bxf5+ Qxf5 36. Be3 e4 37. f4 Bf6 38. Kh1 Rg8 39. Qe2 Qh3 40. Rcc1 Qf5 41.
Rg1 Rxg1+ 42. Kxg1 Qh3 43. Rc2 h5 44. Rc1 Qf5 45. Kh1 Rg8 46. Bd2 Re8 47. Qe3
Kg6 48. Rg1+ Kf7 49. h3 Rg8 50. Rxg8 Kxg8 51. Kg2 Bh4 52. Kf1 Kf7 53. Be1 Bf6
54. Bd2 Bg7 55. Qg3 Bf6 56. Ke2 b5 57. cxb5 Qxd5 58. a4 Qc4+ 59. Ke1 e3 60.
Qxe3 Bh4+ 61. Kd1 Qxa4+ 62. Kc1 Qxb5 63. Qe4 Kg7 64. f5 Qf1+ 65. Kb2 Qf2 66.
Kc1 Bf6 67. Qb7+ Kg8 68. Qc8+ Kh7 69. Qe6 Qg1+ 70. Kc2 Qg7 71. Qxd6 Qe7 72. Qf4
Qf7 73. c4 Bd4 74. Kd3 Bg7 75. Qe4 Qf6 76. Qd5 Qb6 77. Qe6 Qd8+ 78. Qd5 Qh4 79.
Qxc5 Qxh3+ 80. Kc2 Qf3 81. Qd5 Qxd5 82. cxd5 Be5 83. Be1 Kg7 84. Kd3 Bd6 85.
Ke4 Kf7 86. Bc3 h4 87. Kf3 h3 88. Kf2 Bf4 89. Kg1 a6 90. Kh1 Ke7 91. f6+ Kf7
92. Kg1 Bd6 93. Kh1 Bc7 94. Kg1 Bd8 95. Kh2 Bxf6 96. Ba5 Ke7 97. Bb4+ Kd7 98.
Kxh3 Be7 99. Bd2 Kd6 100. Bb4+ Kd7 101. Bd2 Bc5 102. Kg4 Kd6 103. Kf3 Kxd5 104.
Ke2 Kc4 105. Ba5 Kb5 106. Bd8 Bb6 107. Bxb6 Kxb6 1/2-1/2

[Event "XtraCon-Skakligaen"]
[Site "Denmark"]
[Date "2014.03.08"]
[Round "8.5"]
[White "Carstensen, Jacob"]
[Black "Nielsen, John Bauneborg"]
[Result "1-0"]
[WhiteElo "2372"]
[BlackElo "2128"]
[PlyCount "179"]
[EventDate "2013.11.02"]
[EventType "team-tourn"]
[EventRounds "9"]
[WhiteTeam "Bronshoj"]
[BlackTeam "Norresundby"]
[WhiteTeamCountry "DEN"]
[BlackTeamCountry "DEN"]

1. d4 f5 2. Bg5 g6 3. h4 Nh6 4. Nc3 Nf7 5. e4 Nxg5 6. hxg5 fxe4 7. Nxe4 d5 8.
Ng3 Bg7 9. Nf3 Qd6 10. Qd2 Nc6 11. O-O-O Bg4 12. Rh4 Bxf3 13. gxf3 O-O-O 14.
Bb5 e5 15. Bxc6 Qxc6 16. Rdh1 Rhf8 17. Rxh7 Rd7 18. Ne2 b6 19. dxe5 Bxe5 20.
Rxd7 Qxd7 21. f4 Bg7 22. Qd3 Kb7 23. Kb1 Re8 24. Ng3 Qe6 25. a3 Rf8 26. Rh7 Rf7
27. Ne2 Re7 28. Nd4 Qe1+ 29. Ka2 Qxf2 30. Rxg7 Rxg7 31. Ne6 Rd7 32. Qxg6 Qe2
33. Qf5 d4 34. g6 Qc4+ 35. b3 Qc3 36. Qe4+ c6 37. Qd3 Qe1 38. f5 Qe5 39. g7
Rxg7 40. Nxg7 Qxg7 41. Qe4 Qf6 42. Qg4 Qe5 43. Qf3 Qf6 44. Qh5 Qe5 45. a4 Qe4
46. Qf7+ Kb8 47. Qc4 Qxf5 48. Qxc6 Qe5 49. Qd7 Qc5 50. Kb1 a6 51. Qe8+ Kb7 52.
Qf7+ Kb8 53. Qg6 a5 54. Kc1 Kc7 55. Kd1 Qe5 56. Qf7+ Kc6 57. Qc4+ Kb7 58. Kc1
Qe1+ 59. Kb2 Qe5 60. Ka2 Qe3 61. Qd5+ Kc7 62. Qc4+ Kb7 63. Qb5 Qc3 64. Qd5+ Kb8
65. Qe4 Kc7 66. Kb1 Qc5 67. Kc1 Qc3 68. Kd1 Qc5 69. Ke2 Qc3 70. Qd3 Qc5 71. Kf3
Qd5+ 72. Kf4 Kd6 73. Qe4 Qc5 74. Qg6+ Kc7 75. Qf7+ Kc6 76. Qe6+ Kb7 77. Qf7+
Kb8 78. Qc4 Kb7 79. Ke4 Kc6 80. Kd3 Kc7 81. Qxd4 Qf5+ 82. Qe4 Qf1+ 83. Kd4 Qf2+
84. Kc4 Qf7+ 85. Qd5 Qf1+ 86. Qd3 Qf4+ 87. Kb5 Qb4+ 88. Ka6 Qe7 89. Qc4+ Kb8
90. Kxb6 1-0

[Event "XtraCon-Skakligaen"]
[Site "Denmark"]
[Date "2014.03.08"]
[Round "8.6"]
[White "Pedersen, Svend"]
[Black "Bromann, Thorbjorn"]
[Result "0-1"]
[WhiteElo "2231"]
[BlackElo "2356"]
[PlyCount "111"]
[EventDate "2013.11.02"]
[EventType "team-tourn"]
[EventRounds "9"]
[WhiteTeam "Norresundby"]
[BlackTeam "Bronshoj"]
[WhiteTeamCountry "DEN"]
[BlackTeamCountry "DEN"]

1. e4 e6 2. d3 d5 3. Nd2 c5 4. g3 Nc6 5. Bg2 g6 6. Nh3 Bg7 7. O-O Nge7 8. f4
O-O 9. g4 b5 10. f5 gxf5 11. gxf5 exf5 12. exd5 Nxd5 13. Nb3 Be6 14. Nf4 Nxf4
15. Bxf4 Bd5 16. c3 Bxg2 17. Kxg2 Qd5+ 18. Qf3 Rad8 19. Qxd5 Rxd5 20. c4 bxc4
21. dxc4 Rdd8 22. Nxc5 Bxb2 23. Rad1 Rfe8 24. Rd5 Ne7 25. Rxd8 Rxd8 26. Nb7 Rd7
27. Nd6 Ba3 28. Ne8 Rd4 29. Be3 Rxc4 30. Bxa7 Bb2 31. Nd6 Ra4 32. Bc5 Be5 33.
a3 f4 34. Kf3 Ng6 35. Nf5 f6 36. Rb1 Rc4 37. Bb4 Rc2 38. h4 h5 39. a4 Kf7 40.
a5 Ke6 41. Ng7+ Kd5 42. Be1 Rh2 43. Nxh5 Nxh4+ 44. Kg4 f5+ 45. Kg5 Nf3+ 46.
Kxf5 Nd4+ 47. Kg4 Rg2+ 48. Kh3 Rg5 49. Nxf4+ Bxf4 50. a6 Rg8 51. a7 Ra8 52. Bg3
Be3 53. Bb8 Nc6 54. Ra1 Nxb8 55. Ra5+ Ke4 56. Ra4+ 0-1

[Event "XtraCon-Skakligaen"]
[Site "Denmark"]
[Date "2014.03.08"]
[Round "8.7"]
[White "Greger, Roland Reinhard"]
[Black "Christiansen, Jens Jorgen"]
[Result "1-0"]
[WhiteElo "2308"]
[BlackElo "2129"]
[PlyCount "119"]
[EventDate "2013.11.02"]
[EventType "team-tourn"]
[EventRounds "9"]
[WhiteTeam "Bronshoj"]
[BlackTeam "Norresundby"]
[WhiteTeamCountry "DEN"]
[BlackTeamCountry "DEN"]

1. e4 c6 2. d4 d5 3. e5 Bf5 4. Nc3 e6 5. g4 Bg6 6. Nge2 f6 7. h4 Nd7 8. f4 Bf7
9. Be3 h5 10. g5 Ne7 11. Ng3 f5 12. Be2 g6 13. Bf3 a6 14. Na4 Nc8 15. O-O Ncb6
16. Nxb6 Qxb6 17. b3 Qc7 18. c4 Rd8 19. Qc2 dxc4 20. bxc4 Be7 21. Rab1 O-O 22.
Rfd1 Rc8 23. a4 a5 24. Ne2 Bb4 25. Nc1 Rfd8 26. Nd3 Be7 27. Qb3 Rb8 28. Rdc1 b6
29. Kg2 Qb7 30. Rd1 Rbc8 31. Nc5 Qa7 32. Nxd7 Qxd7 33. Qxb6 Bb4 34. c5 Be8 35.
Qa6 Rb8 36. Qc4 Kf7 37. Rb3 Rb7 38. Rbd3 Ke7 39. Kf2 Rdb8 40. Ke2 Qc7 41. Qc2
Bd7 42. Rb1 Bc8 43. Rdb3 Qd7 44. Kf2 Qc7 45. Be2 Qd7 46. Bc4 Ra7 47. Qd3 Rab7
48. Ke2 Ra8 49. Kd1 Rab8 50. Kc2 Ra8 51. Bd2 Bxd2 52. Rxb7 Bxb7 53. Kxd2 Qc7
54. Bxe6 Ba6 55. Bc4 Bxc4 56. Qxc4 Rb8 57. Rb3 Qd8 58. d5 cxd5 59. Rxb8 Qxb8
60. Qb5 1-0

[Event "XtraCon-Skakligaen"]
[Site "Denmark"]
[Date "2014.03.08"]
[Round "8.1"]
[White "Sorensen, Jan"]
[Black "Andersen, Mads"]
[Result "1/2-1/2"]
[WhiteElo "2422"]
[BlackElo "2476"]
[PlyCount "119"]
[EventDate "2013.11.02"]
[EventType "team-tourn"]
[EventRounds "9"]
[WhiteTeam "Aarhus/Skolerne"]
[BlackTeam "Skanderborg"]
[WhiteTeamCountry "DEN"]
[BlackTeamCountry "DEN"]

1. e4 e5 2. Bc4 Nc6 3. Nc3 Nf6 4. d3 Na5 5. Nge2 Bc5 6. h3 Nxc4 7. dxc4 d6 8.
Qd3 Be6 9. O-O Nd7 10. b3 O-O 11. Be3 Qh4 12. Bxc5 Nxc5 13. Qe3 a5 14. Rad1 f5
15. f4 Nxe4 16. Nxe4 fxe4 17. Qxe4 Rae8 18. Qe3 Qh6 19. Qg3 Rf5 20. fxe5 dxe5
21. Qc3 Rg5 22. Kh2 e4 23. Nf4 Rf5 24. Nxe6 Qxe6 25. Rxf5 Qxf5 26. Qe3 b6 27.
a4 c5 28. Kg1 Qe5 29. Rd5 Qf6 30. Rd2 Qa1+ 31. Kh2 Qe5+ 32. Qg3 Qf5 33. Rd5 Qf6
34. Qe3 Re6 35. Kg1 Kf8 36. Rd2 Ke7 37. Rd5 h6 38. Rd2 g5 39. Rf2 Qd4 40. Re2
Kf6 41. Qf2+ Kg6 42. Re3 h5 43. Qe2 Qa1+ 44. Kh2 Qe5+ 45. Kg1 h4 46. Kh1 Re7
47. Kg1 Qf4 48. Kh1 Kf5 49. Kg1 Re6 50. Qe1 Rd6 51. Re2 Ke5 52. Rf2 Qg3 53. Qe2
Qc3 54. Qg4 Qe1+ 55. Rf1 Qe3+ 56. Kh1 Rf6 57. Rd1 Rd6 58. Rf1 Rf6 59. Rd1 Rd6
60. Rf1 1/2-1/2

[Event "XtraCon-Skakligaen"]
[Site "Denmark"]
[Date "2014.03.08"]
[Round "8.2"]
[White "Palo, Davor"]
[Black "Rasmussen, Karsten"]
[Result "1/2-1/2"]
[WhiteElo "2553"]
[BlackElo "2419"]
[PlyCount "68"]
[EventDate "2013.11.02"]
[EventType "team-tourn"]
[EventRounds "9"]
[WhiteTeam "Skanderborg"]
[BlackTeam "Aarhus/Skolerne"]
[WhiteTeamCountry "DEN"]
[BlackTeamCountry "DEN"]

1. d4 d5 2. c4 dxc4 3. e3 e5 4. Bxc4 exd4 5. exd4 Bd6 6. Nc3 Nf6 7. Nf3 O-O 8.
O-O Nc6 9. h3 h6 10. Re1 Re8 11. Rxe8+ Qxe8 12. Nb5 Bf5 13. Nxd6 cxd6 14. Bf4
d5 15. Bb5 a6 16. Ba4 Qe4 17. Bg3 b5 18. Bb3 Na5 19. Be5 Nc4 20. Bxf6 gxf6 21.
Rc1 Nxb2 22. Qd2 Nd3 23. Bc2 Rc8 24. Re1 Qxf3 25. gxf3 Nxe1 26. Qxe1 Rxc2 27.
Qa5 Bxh3 28. Qd8+ Kg7 29. Qxd5 Be6 30. Qe4 Rd2 31. a3 a5 32. f4 b4 33. axb4
axb4 34. d5 Bxd5 1/2-1/2

[Event "XtraCon-Skakligaen"]
[Site "Denmark"]
[Date "2014.03.08"]
[Round "8.3"]
[White "Christensen, Tobias"]
[Black "Pedersen, Nicolai Vesterbaek"]
[Result "0-1"]
[WhiteElo "2355"]
[BlackElo "2397"]
[PlyCount "92"]
[EventDate "2013.11.02"]
[EventType "team-tourn"]
[EventRounds "9"]
[WhiteTeam "Aarhus/Skolerne"]
[BlackTeam "Skanderborg"]
[WhiteTeamCountry "DEN"]
[BlackTeamCountry "DEN"]

1. e4 e5 2. Nf3 Nc6 3. d4 exd4 4. Nxd4 Bb4+ 5. c3 Bc5 6. Nxc6 bxc6 7. Bd3 Qh4
8. Qf3 Nf6 9. Bf4 d5 10. exd5 Nxd5 11. Bg3 Qe7+ 12. Qe2 Qxe2+ 13. Kxe2 O-O 14.
Re1 f5 15. Be5 Re8 16. Kf1 Ne3+ 17. fxe3 Rxe5 18. Na3 Rxe3 19. Rxe3 Bxe3 20.
Re1 f4 21. Nc2 Bc5 22. b4 Bd6 23. Bc4+ Kf8 24. Nd4 Bd7 25. Be6 Bxe6 26. Rxe6 a5
27. Nxc6 axb4 28. Nxb4 Ra3 29. Nd5 Rxa2 30. Re4 f3 31. gxf3 Bxh2 32. Rc4 Bg3
33. f4 h5 34. Nxc7 Kf7 35. Re4 h4 36. Re2 Ra4 37. Ne6 Bxf4 38. Kg2 Bh6 39. Kh3
Rc4 40. Nd8+ Kg6 41. Re6+ Kh5 42. Rc6 Rf4 43. Ne6 Rf3+ 44. Kg2 Kg4 45. Kh2 Rf2+
46. Kg1 Be3 0-1

[Event "XtraCon-Skakligaen"]
[Site "Denmark"]
[Date "2014.03.08"]
[Round "8.4"]
[White "Pedersen, Steffen"]
[Black "Pedersen, Finn"]
[Result "1/2-1/2"]
[WhiteElo "2425"]
[BlackElo "2310"]
[PlyCount "96"]
[EventDate "2013.11.02"]
[EventType "team-tourn"]
[EventRounds "9"]
[WhiteTeam "Skanderborg"]
[BlackTeam "Aarhus/Skolerne"]
[WhiteTeamCountry "DEN"]
[BlackTeamCountry "DEN"]

1. d4 d5 2. c4 c6 3. Nf3 Nf6 4. e3 Bf5 5. Nc3 e6 6. Nh4 Be4 7. f3 Bg6 8. Qb3
Qc7 9. Bd2 Bd6 10. O-O-O Nbd7 11. Nxg6 hxg6 12. h3 Nh5 13. Bd3 Ng3 14. Rhe1 Nf5
15. Kb1 Bg3 16. Re2 Qb6 17. Qc2 dxc4 18. Bxc4 Nf6 19. Bc1 O-O-O 20. Na4 Qc7 21.
Nc5 Kb8 22. Rd3 Nd7 23. Ra3 Bd6 24. Bd3 Nxc5 25. dxc5 Be7 26. b4 Bf6 27. Bc4
Rh4 28. Rd3 a6 29. Rxd8+ Qxd8 30. a3 Qc7 31. Qd3 Rh8 32. Qb3 Ka7 33. Kc2 Rd8
34. Bb2 Bxb2 35. Kxb2 Qg3 36. Bd3 Nh4 37. Qc2 Qh2 38. Kc3 Qe5+ 39. Kb3 Qa1 40.
Rd2 Qg1 41. Re2 Nf5 42. Bxf5 gxf5 43. Kb2 Rd5 44. Qc3 f6 45. Rd2 Re5 46. Qd4
Rd5 47. Qc3 Re5 48. Qd4 Rd5 1/2-1/2

[Event "XtraCon-Skakligaen"]
[Site "Denmark"]
[Date "2014.03.08"]
[Round "8.5"]
[White "Hagen, Kresten Skytte"]
[Black "Kjeldsen, Jens"]
[Result "1/2-1/2"]
[WhiteElo "2166"]
[BlackElo "2404"]
[PlyCount "42"]
[EventDate "2013.11.02"]
[EventType "team-tourn"]
[EventRounds "9"]
[WhiteTeam "Aarhus/Skolerne"]
[BlackTeam "Skanderborg"]
[WhiteTeamCountry "DEN"]
[BlackTeamCountry "DEN"]

1. Nf3 g6 2. c4 Bg7 3. e4 c5 4. d4 cxd4 5. Nxd4 Qb6 6. Nb3 Nc6 7. Be2 d6 8. O-O
Be6 9. Be3 Qc7 10. Nc3 Bxc3 11. bxc3 Nf6 12. f3 Rd8 13. Nd4 O-O 14. Nxe6 fxe6
15. c5 d5 16. Qb3 Rd7 17. exd5 exd5 18. f4 Kg7 19. Bd4 e6 20. Rae1 Kg8 21. Bd3
Re7 1/2-1/2

[Event "XtraCon-Skakligaen"]
[Site "Denmark"]
[Date "2014.03.08"]
[Round "8.6"]
[White "Boe, Mads"]
[Black "Tettinek, Michael"]
[Result "1-0"]
[WhiteElo "2364"]
[BlackElo "2041"]
[PlyCount "69"]
[EventDate "2013.11.02"]
[EventType "team-tourn"]
[EventRounds "9"]
[WhiteTeam "Skanderborg"]
[BlackTeam "Aarhus/Skolerne"]
[WhiteTeamCountry "DEN"]
[BlackTeamCountry "DEN"]

1. d4 Nf6 2. Nf3 d5 3. Bg5 Ne4 4. Bf4 c6 5. e3 Qb6 6. Qc1 Bf5 7. Bd3 e6 8. O-O
Nd7 9. Rd1 Be7 10. h3 O-O 11. c4 dxc4 12. Bxc4 Ndf6 13. Nh4 Bg6 14. Nxg6 hxg6
15. Nc3 Rfd8 16. Qc2 Nxc3 17. bxc3 Bd6 18. Rab1 Qc7 19. Bg5 Rd7 20. e4 Bf4 21.
Bxf6 gxf6 22. Qe2 Kg7 23. Qf3 b5 24. Bb3 Rad8 25. g3 Bd6 26. a4 a6 27. h4 c5
28. h5 c4 29. Bc2 gxh5 30. axb5 Rh8 31. bxa6 Qa5 32. e5 fxe5 33. dxe5 Qxe5 34.
Rd4 Bc5 35. Rxd7 1-0

[Event "XtraCon-Skakligaen"]
[Site "Denmark"]
[Date "2014.03.08"]
[Round "8.7"]
[White "Jensen, Vagn"]
[Black "Andersen, Jackie"]
[Result "0-1"]
[WhiteElo "2100"]
[BlackElo "2356"]
[PlyCount "118"]
[EventDate "2013.11.02"]
[EventType "team-tourn"]
[EventRounds "9"]
[WhiteTeam "Aarhus/Skolerne"]
[BlackTeam "Skanderborg"]
[WhiteTeamCountry "DEN"]
[BlackTeamCountry "DEN"]

1. e4 g6 2. d4 Bg7 3. Nc3 d6 4. Be3 Nd7 5. Qd2 a6 6. a4 e5 7. Nf3 Ngf6 8. dxe5
dxe5 9. Bc4 O-O 10. O-O Qe7 11. Bg5 c6 12. Rfe1 a5 13. Rad1 Qb4 14. Bb3 Nh5 15.
Qe3 Re8 16. Rd3 Qf8 17. Red1 Nc5 18. Rd8 Bg4 19. Rxa8 Rxa8 20. Bc4 h6 21. Bh4
Nf4 22. Bg3 Nfe6 23. Bxe6 Nxe6 24. h3 Bxf3 25. Qxf3 Nd4 26. Qd3 Qb4 27. Kh2 h5
28. h4 Bf6 29. f4 Qe7 30. fxe5 Bxe5 31. Bxe5 Qxe5+ 32. Kh1 Ne6 33. Rf1 Rd8 34.
Qf3 Rd7 35. g3 Kg7 36. Rf2 Re7 37. b3 Nc5 38. Re2 Nd7 39. Rf2 Nf6 40. Re2 b5
41. axb5 cxb5 42. Rf2 Nxe4 43. Nxe4 Qxe4 44. Qxe4 Rxe4 45. Rd2 Re3 46. Rd5 b4
47. Rxa5 Rxg3 48. Kh2 Rg4 49. Kh3 Kf6 50. Rc5 Re4 51. Rb5 Ke6 52. Kg3 Rg4+ 53.
Kh3 f5 54. c4 bxc3 55. Rc5 Rb4 56. Rxc3 Ke5 57. Rc6 Rxb3+ 58. Kh2 Rb4 59. Rxg6
Rxh4+ 0-1

[Event "XtraCon-Skakligaen"]
[Site "Denmark"]
[Date "2014.03.08"]
[Round "8.8"]
[White "Nilssen, John Arni"]
[Black "Larsen, Jesper Riis"]
[Result "1-0"]
[WhiteElo "2360"]
[BlackElo "1996"]
[PlyCount "49"]
[EventDate "2013.11.02"]
[EventType "team-tourn"]
[EventRounds "9"]
[WhiteTeam "Skanderborg"]
[BlackTeam "Aarhus/Skolerne"]
[WhiteTeamCountry "DEN"]
[BlackTeamCountry "DEN"]

1. d4 d5 2. c4 c6 3. Nc3 Nf6 4. e3 e6 5. Nf3 Nbd7 6. Bd3 dxc4 7. Bxc4 b5 8. Be2
a6 9. O-O Bb7 10. e4 Be7 11. e5 Nd5 12. Ne4 c5 13. Bg5 O-O 14. Bxe7 Qxe7 15.
Nd6 Rab8 16. dxc5 Nxc5 17. Qd4 Nd7 18. a4 Rfd8 19. axb5 Nxe5 20. Nxb7 Nxf3+ 21.
Bxf3 Qxb7 22. bxa6 Qxb2 23. Qxb2 Rxb2 24. a7 Nb6 25. Rfb1 1-0

[Event "XtraCon-Skakligaen"]
[Site "Denmark"]
[Date "2014.03.09"]
[Round "9.1"]
[White "Pedersen, Christian Kyndel"]
[Black "Teplyi, Igor"]
[Result "1/2-1/2"]
[WhiteElo "2427"]
[BlackElo "2393"]
[PlyCount "55"]
[EventDate "2013.11.02"]
[EventType "team-tourn"]
[EventRounds "9"]
[WhiteTeam "Jetsmark"]
[BlackTeam "Nordre"]
[WhiteTeamCountry "DEN"]
[BlackTeamCountry "DEN"]

1. d4 d5 2. c4 c6 3. Nf3 Nf6 4. Nc3 a6 5. cxd5 cxd5 6. Bf4 Nc6 7. e3 Bg4 8. Rc1
Qb6 9. Be2 e6 10. O-O Bxf3 11. Bxf3 Be7 12. Na4 Qa7 13. Nc5 O-O 14. Qb3 Na5 15.
Qc3 Nc4 16. Nxb7 Qxb7 17. Qxc4 Qxb2 18. Qc7 Rfe8 19. Rc2 Qb4 20. Rfc1 h6 21. h3
a5 22. g4 Bf8 23. h4 Red8 24. Qc6 Ne8 25. Rc3 Bd6 26. a3 Qb2 27. Bxd6 Nxd6 28.
Qa4 1/2-1/2

[Event "XtraCon-Skakligaen"]
[Site "Denmark"]
[Date "2014.03.09"]
[Round "9.2"]
[White "Sloth, Jorn"]
[Black "Rasmussen, Allan Stig"]
[Result "0-1"]
[WhiteElo "2338"]
[BlackElo "2499"]
[PlyCount "63"]
[EventDate "2013.11.02"]
[EventType "team-tourn"]
[EventRounds "9"]
[WhiteTeam "Nordre"]
[BlackTeam "Jetsmark"]
[WhiteTeamCountry "DEN"]
[BlackTeamCountry "DEN"]

1. Nf3 d5 2. e3 c5 3. Bb5+ Nd7 4. d4 e6 5. O-O Ngf6 6. b3 Be7 7. Bb2 O-O 8.
Nbd2 Qa5 9. Bd3 b5 10. a4 b4 11. Ne5 Bb7 12. f4 Rad8 13. Qf3 Qc7 14. Qh3 Ne4
15. Rad1 Ndf6 16. Ndf3 Qb6 17. g4 Nc3 18. g5 Nfe4 19. Rd2 cxd4 20. exd4 Ba6 21.
Rg2 g6 22. Rg4 h5 23. gxh6 Kh7 24. Qg2 Bf6 25. Bxc3 bxc3 26. Bxa6 Qxa6 27. Ng5+
Bxg5 28. fxg5 Qb6 29. Nf3 e5 30. Rd1 exd4 31. Rxd4 f5 32. gxf6 0-1

[Event "XtraCon-Skakligaen"]
[Site "Denmark"]
[Date "2014.03.09"]
[Round "9.3"]
[White "Ochsner, Bjorn Moller"]
[Black "Baekgaard, Martin"]
[Result "1/2-1/2"]
[WhiteElo "2296"]
[BlackElo "2301"]
[PlyCount "81"]
[EventDate "2013.11.02"]
[EventType "team-tourn"]
[EventRounds "9"]
[WhiteTeam "Jetsmark"]
[BlackTeam "Nordre"]
[WhiteTeamCountry "DEN"]
[BlackTeamCountry "DEN"]

1. c4 e6 2. Nf3 d5 3. g3 Nf6 4. Bg2 Be7 5. O-O O-O 6. d4 dxc4 7. Qc2 a6 8. a4
Nc6 9. Qxc4 Nb4 10. Ne5 a5 11. Bf4 Nfd5 12. Nc3 c6 13. Rfd1 Nxf4 14. gxf4 f6
15. Nf3 Nd5 16. e3 Ra6 17. Ne1 Kh8 18. Nd3 Rb6 19. Ne4 Qe8 20. Nec5 Bd6 21. Nb3
Qh5 22. Nd2 g5 23. Ne4 Bc7 24. Ng3 Qh6 25. fxg5 Qxg5 26. e4 Nf4 27. Nxf4 Bxf4
28. b3 Rb4 29. Qc3 Rg8 30. Kh1 Rd8 31. Rd3 Bd6 32. Rad1 Qh4 33. Qc2 Bc7 34. d5
exd5 35. exd5 Bf5 36. d6 Bxd6 37. Rxd6 Bxc2 38. Rxd8+ Kg7 39. R1d2 Bg6 40.
R8d7+ Kh6 41. h3 1/2-1/2

[Event "XtraCon-Skakligaen"]
[Site "Denmark"]
[Date "2014.03.09"]
[Round "9.6"]
[White "Hoiberg, Nina"]
[Black "Christensen, Stefan"]
[Result "1-0"]
[WhiteElo "2212"]
[BlackElo "2278"]
[PlyCount "61"]
[EventDate "2013.11.02"]
[EventType "team-tourn"]
[EventRounds "9"]
[WhiteTeam "Nordre"]
[BlackTeam "Jetsmark"]
[WhiteTeamCountry "DEN"]
[BlackTeamCountry "DEN"]

1. e4 c6 2. d4 d5 3. e5 Bf5 4. c4 e6 5. Nc3 Ne7 6. b3 Nd7 7. Nge2 dxc4 8. bxc4
a6 9. Ng3 c5 10. d5 Nxe5 11. f4 Ng4 12. Nxf5 exf5 13. Be2 g6 14. Qa4+ Qd7 15.
Nb5 O-O-O 16. Bb2 axb5 17. Qa8+ Kc7 18. Qa5+ b6 19. Qa7+ Kc8 20. Qxb6 Qd6 21.
Qxd6 Rxd6 22. Bxh8 bxc4 23. Bxg4 fxg4 24. O-O-O Nxd5 25. g3 Nb4 26. Rxd6 Bxd6
27. a3 Nd3+ 28. Kc2 h5 29. Rf1 h4 30. Kc3 hxg3 31. hxg3 1-0

[Event "XtraCon-Skakligaen"]
[Site "Denmark"]
[Date "2014.03.09"]
[Round "9.7"]
[White "Helledie, Anders"]
[Black "Christensen, Jan Schleicher"]
[Result "1/2-1/2"]
[WhiteElo "2237"]
[BlackElo "2218"]
[PlyCount "32"]
[EventDate "2013.11.02"]
[EventType "team-tourn"]
[EventRounds "9"]
[WhiteTeam "Jetsmark"]
[BlackTeam "Nordre"]
[WhiteTeamCountry "DEN"]
[BlackTeamCountry "DEN"]

1. e4 e5 2. Bc4 Nf6 3. d3 Bc5 4. Nf3 Nc6 5. c3 d6 6. Bb3 O-O 7. Bg5 Kh8 8. Nbd2
Be6 9. Bc2 a6 10. Nf1 Ne7 11. d4 exd4 12. Bxf6 gxf6 13. Nxd4 Rg8 14. Ne3 Qf8
15. Qf3 Qh6 16. O-O Rg5 1/2-1/2

[Event "XtraCon-Skakligaen"]
[Site "Denmark"]
[Date "2014.03.09"]
[Round "9.1"]
[White "Stojanovski, Sandi"]
[Black "Sorensen, Jan"]
[Result "1/2-1/2"]
[WhiteElo "2289"]
[BlackElo "2422"]
[PlyCount "25"]
[EventDate "2013.11.02"]
[EventType "team-tourn"]
[EventRounds "9"]
[WhiteTeam "K41"]
[BlackTeam "Aarhus/Skolerne"]
[WhiteTeamCountry "DEN"]
[BlackTeamCountry "DEN"]

1. d4 Nf6 2. c4 e6 3. Nc3 Bb4 4. e3 b6 5. Bd3 Bb7 6. Nf3 O-O 7. O-O c5 8. Bd2
d6 9. Qe2 Nbd7 10. Rfd1 Qe7 11. a3 Bxc3 12. Bxc3 Ne4 13. Be1 1/2-1/2

[Event "XtraCon-Skakligaen"]
[Site "Denmark"]
[Date "2014.03.09"]
[Round "9.2"]
[White "Christensen, Tobias"]
[Black "Laursen, Niels Norskov"]
[Result "1-0"]
[WhiteElo "2355"]
[BlackElo "2282"]
[PlyCount "83"]
[EventDate "2013.11.02"]
[EventType "team-tourn"]
[EventRounds "9"]
[WhiteTeam "Aarhus/Skolerne"]
[BlackTeam "K41"]
[WhiteTeamCountry "DEN"]
[BlackTeamCountry "DEN"]

1. d4 Nf6 2. Nf3 g6 3. c4 Bg7 4. Nc3 O-O 5. e4 d6 6. Be2 e5 7. dxe5 dxe5 8.
Qxd8 Rxd8 9. Bg5 Re8 10. O-O-O Na6 11. Ne1 c6 12. f3 Nc5 13. Nc2 a5 14. Be3 Bf8
15. b3 Be6 16. Kb2 Red8 17. Rhf1 Rxd1 18. Rxd1 Nfd7 19. Nd5 Na6 20. Nb6 Nxb6
21. Bxb6 Nc5 22. Rd8 Rxd8 23. Bxd8 a4 24. b4 Nd7 25. Ka3 f6 26. Bc7 Bh6 27.
Kxa4 Bf4 28. g3 Bd2 29. Kb3 Kf7 30. a4 c5 31. Bd6 b6 32. a5 bxa5 33. bxc5 Ke8
34. Ka4 Kd8 35. Kb5 Kc8 36. c6 Nb8 37. Kb6 a4 38. Bxb8 Kxb8 39. c7+ Ka8 40. c5
a3 41. Ba6 a2 42. Bb7# 1-0

[Event "XtraCon-Skakligaen"]
[Site "Denmark"]
[Date "2014.03.09"]
[Round "9.3"]
[White "Schmidt, Kristen"]
[Black "Pedersen, Finn"]
[Result "1-0"]
[WhiteElo "2262"]
[BlackElo "2310"]
[PlyCount "71"]
[EventDate "2013.11.02"]
[EventType "team-tourn"]
[EventRounds "9"]
[WhiteTeam "K41"]
[BlackTeam "Aarhus/Skolerne"]
[WhiteTeamCountry "DEN"]
[BlackTeamCountry "DEN"]

1. e4 c6 2. d4 d5 3. e5 c5 4. Nf3 cxd4 5. Nxd4 e6 6. Bd3 Nc6 7. Nxc6 bxc6 8.
O-O Qc7 9. Qe2 Bc5 10. Nd2 Ne7 11. Kh1 Ng6 12. f4 O-O 13. Qh5 f5 14. exf6 Rxf6
15. Nf3 Nf8 16. Ne5 Bd7 17. Bd2 Be8 18. Qg5 Bg6 19. Nxg6 Nxg6 20. Bc3 Rxf4 21.
Bxg6 Rxf1+ 22. Rxf1 hxg6 23. Qxg6 Qe7 24. Bxg7 Qxg7 25. Qxe6+ Kh8 26. Rf7 Qxf7
27. Qxf7 Rf8 28. Qh5+ Kg7 29. Qe5+ Rf6 30. g3 Kg6 31. h4 Bd6 32. Qg5+ Kf7 33.
Kg2 Bxg3 34. Kxg3 Rg6 35. Kf4 Rxg5 36. Kxg5 1-0

[Event "XtraCon-Skakligaen"]
[Site "Denmark"]
[Date "2014.03.09"]
[Round "9.4"]
[White "Rendboe, John Filip"]
[Black "Naes, Flovin Tor"]
[Result "1/2-1/2"]
[WhiteElo "2214"]
[BlackElo "2252"]
[PlyCount "28"]
[EventDate "2013.11.02"]
[EventType "team-tourn"]
[EventRounds "9"]
[WhiteTeam "Aarhus/Skolerne"]
[BlackTeam "K41"]
[WhiteTeamCountry "DEN"]
[BlackTeamCountry "DEN"]

1. d4 d5 2. c4 e6 3. Nc3 c5 4. e3 Nf6 5. Nf3 Nc6 6. a3 a6 7. dxc5 Bxc5 8. b4
Ba7 9. Bb2 O-O 10. Be2 dxc4 11. Qxd8 Rxd8 12. Bxc4 b5 13. Bb3 Bb7 14. O-O h6
1/2-1/2

[Event "XtraCon-Skakligaen"]
[Site "Denmark"]
[Date "2014.03.09"]
[Round "9.5"]
[White "Andreasen, Joan Hendrik"]
[Black "Ochsner, Thomas"]
[Result "1/2-1/2"]
[WhiteElo "2239"]
[BlackElo "2314"]
[PlyCount "89"]
[EventDate "2013.11.02"]
[EventType "team-tourn"]
[EventRounds "9"]
[WhiteTeam "K41"]
[BlackTeam "Aarhus/Skolerne"]
[WhiteTeamCountry "DEN"]
[BlackTeamCountry "DEN"]

1. d4 Nf6 2. c4 e6 3. Nc3 Bb4 4. e3 O-O 5. Nge2 d5 6. a3 Bd6 7. Ng3 c5 8. dxc5
Bxc5 9. cxd5 exd5 10. Be2 Nc6 11. O-O d4 12. Na4 Be7 13. e4 Ne5 14. f4 d3 15.
fxe5 dxe2 16. Qxe2 Qd4+ 17. Be3 Qxe5 18. Nc3 Be6 19. Bf4 Qc5+ 20. Be3 Qc4 21.
Nf5 Rfe8 22. Nxe7+ Rxe7 23. Qf3 Ng4 24. Bf4 Rd8 25. Qg3 Rd3 26. Qh4 Red7 27. h3
Ne5 28. Bxe5 Qc5+ 29. Qf2 Qxe5 30. Qxa7 h5 31. Rae1 Bxh3 32. Rf2 Bg4 33. Ref1
Rd2 34. Qe3 Rxf2 35. Qxf2 Be6 36. Qf4 Qxf4 37. Rxf4 Kf8 38. Kf1 g5 39. Rf2 Rd3
40. Ke1 h4 41. Rd2 Rxd2 42. Kxd2 Ke7 43. Ke3 Kd6 44. b4 g4 45. Kf4 1/2-1/2